| 000 | 007140000a22002170004500 | ||
|---|---|---|---|
| 001 | 3022 | ||
| 100 | _a19990928e19891944m||d0pory50 ba | ||
| 101 | 0 | _apor | |
| 102 | _aPT | ||
| 200 | 1 |
_aMonografia da Gafanha _fPadre Joao Vieira Rezende _gpref. Orlando Ribeiro |
|
| 205 | _a2ª ed., correcta e aumentada | ||
| 210 |
_aIlhavo _cCâmara Municipal _d1989 |
||
| 215 |
_aXII, 364, [1] p., [27] f. il. _cil. |
||
| 324 | _aReediçao fac-similada de Coimbra, 1944 | ||
| 675 |
_a908(469) _vBN _zpor |
||
| 700 | 1 |
_938752 _aResende _bJoao Vieira |
|
| 702 | 1 |
_939007 _aRibeiro _bOrlando _f1911-1997 _4080 |
|
| 801 |
_aPT _bBN _c19950701 |
||
| 090 | _a3022 | ||
| 942 |
_cMON _n0 |
||
| 999 | _a3022 | ||